=LDR 00000nam 2200000 4500 =001 INLIS000000000023362 =005 20130612122032 =008 ***********************************Ind** =035 ##$$0010-061300000023362 =041 ##$$a Ind =082 ##$$a 338.476 =090 ##$$a 338.476, Sur k =100 ##$$a Suryana, Ahmad =245 ##$$a Ketahanan pangan, Achmad Suryana =260 ##$$a 2003 $b Yogyakarta =300 ##$$a 317 hlm, 23 cm =650 ##$$a Sandang pangan dan papan =850 ##$$a NBPNMAT =990 ##$$a 0001/BPAP-NTB/2015 =990 ##$$a 0001/BPAP-NTB/2015 =990 ##$$a 0001/BPAP-NTB/2015